MARC

LEADER 00000nam0a2200000 4500
001 29739
005 20231101205929.0
010 |a 5724511495 
035 |a (RuTPU)RU\TPU\book\30005 
035 |a BOOK00030080 
090 |a 29739 
100 |a 20011209d1999 m y0rusy50 ca 
101 0 |a rus 
102 |a RU 
105 |a y j 001zy 
200 1 |a Введение в химическую экотоксикологию  |e учебное пособие  |f В. А. Исидоров 
210 |a СПб.  |c Химиздат  |d 1999 
215 |a 142 с. 
225 1 |a Федеральная программа книгоиздания России 
320 |a Библиогр.: с. 133. 
320 |a Глоссарий: с. 134-140. 
606 1 |a Химическая экология  |2 stltpush  |3 (RuTPU)RU\TPU\subj\39145  |9 59337 
610 1 |a химия 
610 1 |a экология 
610 1 |a окружающая среда 
610 1 |a экологическая химия 
610 1 |a химическая экотоксикология 
610 1 |a химикаты 
610 1 |a токсичность 
610 1 |a экологическое нормирование 
610 1 |a контроль 
610 1 |a биологические методы 
610 1 |a учебные пособия 
675 |a 504.05(075.8)  |v 3 
700 1 |a Исидоров  |b В. А.  |g Валерий Алексеевич 
801 0 |a RU  |b 63413507  |c 20011209  |g PSBO 
801 2 |a RU  |b 63413507  |c 20221004  |g PSBO 
900 |a Экологическое нормирование 
942 |c BK